Itinerarios de Madrid á Bilbao, de Miranda á Logroño, de Bilbao á Durango y viceversa. (Record no. 156121)

MARC details
000 -LEADER
campo de control de longitud fija 01008nam a22002175i 4500
001 - NÚMERO DE CONTROL
campo de control 156121
003 - IDENTIFICADOR DE NÚMERO DE CONTROL
campo de control ES-MaACL
005 - FECHA Y HORA DE LA ÚLTIMA TRANSACCIÓN
campo de control 20230906210327.0
008 - DATOS DE LONGITUD FIJA--INFORMACIÓN GENERAL
campo de control de longitud fija 041015q18901910sp a |||| | spa d
040 ## - FUENTE DE CATALOGACIÓN
Centro catalogador/agencia de origen CAM
Lengua de catalogación spa
Centro/agencia transcriptor CAM
245 00 - MENCIÓN DEL TÍTULO
Título Itinerarios de Madrid á Bilbao, de Miranda á Logroño, de Bilbao á Durango y viceversa.
260 ## - PUBLICACIÓN, DISTRIBUCIÓN, ETC.
Lugar de publicación, distribución, etc. Madrid :
Nombre del editor, distribuidor, etc. Administracion, Rollo,2, tercero :
-- Libreria de D. Guío ;
Lugar de publicación, distribución, etc. Paris :
Nombre del editor, distribuidor, etc. Librairie Etrangere ;
Lugar de publicación, distribución, etc. Lisboa :
Nombre del editor, distribuidor, etc. Libreria francesa,
Fecha de publicación, distribución, etc. [s.a.]
300 ## - DESCRIPCIÓN FÍSICA
Extensión XVI, [2], 55 p., [1] h. pleg. :
Otras características físicas il. ;
Dimensiones 16 cm.
490 1# - MENCIÓN DE SERIE
Mención de serie Guias ilustradas del viajero
505 8# - NOTA DE CONTENIDO CON FORMATO
Nota de contenido con formato Las pag. 49-55 son anuncios de fondas y casas de huéspedes
596 ## - NOTA AL PIE DE IMPRENTA
NOTA AL PIE DE IMPRENTA Probablemente impreso a finales del siglo XIX o comienzos del XX.
650 #4 - PUNTO DE ACCESO ADICIONAL DE MATERIA--TÉRMINO DE MATERIA
Término de materia o nombre geográfico como elemento de entrada Ferrocarriles-
Subdivisión general Itinerarios-
Subdivisión geográfica España.
9 (RLIN) 136100
830 0# - PUNTO DE ACCESO ADICIONAL DE SERIE-TÍTULO UNIFORME
Título uniforme Guias ilustradas del viajero
9 (RLIN) 188051
852 ## - LOCALIZACIÓN
Ubicación ES-MaACL
Número de control de estantería T-402-F-8
Nota libre -- Enc. hol.
-- -- Enc. en un vol. facticio
-- -- Enc. con [8] p. de anuncios
Holdings
Estatus retirado Estado de pérdida Estado de daño No para préstamo Colección Biblioteca de origen Biblioteca actual Ubicación en estantería Fecha de adquisición Total de préstamos Signatura topográfica completa Código de barras Visto por última vez Precio de reemplazo Tipo de ítem Koha
        Colección de folletos Biblioteca del Ateneo de Madrid Biblioteca del Ateneo de Madrid Depósito folletos 17/01/2008   T-402-F-8 1163330 23/02/2023 23/02/2023 Folleto